| 000 | 00344 a2200157 4500 | ||
|---|---|---|---|
| 001 | 177791 | ||
| 020 | _a | ||
| 040 | _cMagnum | ||
| 100 | _aGontijo, Solange Avelar Fonseca | ||
| 240 | 1 | 0 |
_aLele o jacare maluco _lpor |
| 245 | 1 | 0 | _aLele o jacare maluco |
| 362 | 0 | _a1899 | |
| 440 | 1 | _aMiguilim | |
| 697 | _aMAGNITO: I/ANIMAIS | ||
| 942 | _cBK | ||
| 999 |
_c177791 _d177791 |
||